Paraguas (Registro nro. 307024)

Detalles MARC
000 -ENCABEZADO
Número de control [NR] 00777nam a2200217 a 4500
005 - FECHA Y HORA DE LA ÚLTIMA TRANSACCIÓN
control field 20180312112706.0
008 - DE LONGITUD FIJA DE DATOS DE ELEMENTOS - INFORMACIÓN GENERAL
Elementos de longitud fija [NR] 170816s2012 ck a gr 000 0dspa d
015 ## - NUMERO DE BIBLIOGRAFIA NACIONAL [R]
Número de bibliografía nacional [R] ck-2012-xxxx
020 ## - NUMERO INTERNACIONAL NORMALIZADO PARA LIBROS [R]
Número Internacional Normalizado del libro [NR] 9789588562698
040 ## - FUENTE DE CATALOGACION [NR]
Agencia de catalogación original [NR] CO-BoUCM
Quien Cataloga Sandra Palacio
Quien Clasifica Sandra Palacio
041 0# - CODIGO DE IDIOMA [R]
Código de idioma para texto/pista de sonido o título separado [R] Español
100 1# - ASIENTO PRINCIPAL--NOMBRE PERSONAL [NR]
Nombre personal [NR] Villa Largacha, María
ID Autoridad 86857
245 10 - MENCION DE TITULO [NR]
Título [NR] Paraguas
Mención de responsabilidad, etc. [NR] relato e ilustraciones María Villa Largacha
260 ## - PUBLICACION, DISTRIBUCION, ETC. (PIE DE IMPRENTA) [R]
Lugar de publicación, distribución, etc. [R] Bogotá (Colombia)
Nombre del editor, distribuidor, etc. [R] Tragaluz Editores
Fecha de publicación, distribución, etc. [R] 2012
300 ## - DESCRIPCION FISICA [R]
Extensión [R] 32 páginas
Otros detalles físicos [NR] ilustraciones
650 17 - ASIENTO SECUNDARIO DE MATERIA - TERMINO TEMATICO [R]
Término temático o nombre geográfico como elemento de entrada [NR] Libros ilustrados para niños
9 (RLIN) 18516
650 27 - ASIENTO SECUNDARIO DE MATERIA - TERMINO TEMATICO [R]
Término temático o nombre geográfico como elemento de entrada [NR] Cuentos infantiles colombianos
9 (RLIN) 12285
650 27 - ASIENTO SECUNDARIO DE MATERIA - TERMINO TEMATICO [R]
Término temático o nombre geográfico como elemento de entrada [NR] Paraguas
Subdivisión general [R] Libros ilustrados para niños
9 (RLIN) 86858
942 ## - ELEMENTOS DE ENTRADA AGREGADOS (KOHA)
Sistema de clasificación DEWEY
Tipo de ítem principal el descrito en 300a Libro de reserva
Tema principal Literatura
Edición 1
Clasificación 808.8983
Parte restante de la signatura top. V712pa
Título oculto en OPAC No
Existencias
Fecha de último préstamo Total préstamos Signatura topográfica Código de barras Última vez visto Ejemplar Costo de reposición Price effective from Tipo de ítem Nota pública (OPAC) Perdido Sistema de clasificación Dañado No prestable Tipo de ítem específico Suprimido Ubicación habitual Ubicación actual Localización Fecha de creación Proveedor Forma de adquisición Costo
23/10/2023 3 808.8983 V712pa 100153676 11/12/2025 Ej.1 36450.00 04/08/2017 Libro Spot Literatura Infantil   DEWEY     Libro   Quinta de Mutis Quinta de Mutis Mezanecs 04/08/2017 14 Compra 36450.00